Sacred cows : (Record no. 31300)
[ view plain ]
| 000 -LEADER | |
|---|---|
| fixed length control field | 00798nam a2200205 4500 |
| 008 - FIXED-LENGTH DATA ELEMENTS--GENERAL INFORMATION | |
| fixed length control field | 080428r1979 miu b 001 0 eng |
| 020 ## - INTERNATIONAL STANDARD BOOK NUMBER | |
| International Standard Book Number | 0310424216 :USD2.98 |
| 090 ## - LOCALLY ASSIGNED LC-TYPE CALL NUMBER (OCLC); LOCAL CALL NUMBER (OCLC) | |
| Classification number (OCLC) (R) ; Classification number, CALL (RLIN) (NR) | BT738 |
| Local cutter number (OCLC) ; Book number/undivided call number, CALL (RLIN) | W17s |
| 100 1# - MAIN ENTRY--PERSONAL NAME | |
| Personal name | Walter, Tony, |
| Dates associated with a name | 1948- |
| 240 10 - UNIFORM TITLE | |
| Uniform title | Long way from home |
| 245 10 - TITLE STATEMENT | |
| Title | Sacred cows : |
| Remainder of title | exploring contemporary idolatry / |
| Statement of responsibility, etc | J. A. Walter. |
| 260 ## - PUBLICATION, DISTRIBUTION, ETC. (IMPRINT) | |
| Place of publication, distribution, etc | Grand Rapids, Mich. : |
| Name of publisher, distributor, etc | Zondervan Pub. House, |
| Date of publication, distribution, etc | 1980, c1979. |
| 300 ## - PHYSICAL DESCRIPTION | |
| Extent | 217 p. ; |
| Dimensions | 21 cm. |
| 500 ## - GENERAL NOTE | |
| General note | Reprint of the ed. published by Paternoster Press, Exeter, Devon, Eng., under title: A long way from home. |
| 504 ## - BIBLIOGRAPHY, ETC. NOTE | |
| Bibliography, etc | Includes bibliographical references and index. |
| 650 #4 - SUBJECT ADDED ENTRY--TOPICAL TERM | |
| Topical term or geographic name as entry element | Christian sociology. |
| 650 #4 - SUBJECT ADDED ENTRY--TOPICAL TERM | |
| Topical term or geographic name as entry element | Civilization, Modern |
| Chronological subdivision | 1950- |
| 951 ## - EQUIVALENCE OR CROSS-REFERENCE-GEOGRAPHIC NAME/AREA NAME [OBSOLETE] [CAN/MARC only] | |
| General subdivision | 00017206 |
| 951 ## - EQUIVALENCE OR CROSS-REFERENCE-GEOGRAPHIC NAME/AREA NAME [OBSOLETE] [CAN/MARC only] | |
| -- | 7751 |
| -- | BT738/W17s |
| -- | 080428133351796 |
| -- | 2000-12-21 |
| -- | GC |
| Withdrawn status | Lost status | Damaged status | Not for loan | Home library | Current library | Shelving location | Date acquired | Accession number | Shelving control number | Total Checkouts | Full call number | Barcode | Date last seen | Price effective from | Koha item type |
|---|---|---|---|---|---|---|---|---|---|---|---|---|---|---|---|
| BSOP Library | BSOP Library | GC | 12/21/2000 | 7751 | 127 | BT738/W17s | 00017206 | 02/23/2013 | 02/23/2013 | Books |
